Creativity: Unleashing The Forces Within (Record no. 41142)

MARC details
000 -LEADER
fixed length control field 00360nam a2200133Ia 4500
008 - FIXED-LENGTH DATA ELEMENTS--GENERAL INFORMATION
fixed length control field 240719s9999 xx 000 0 und d
041 ## - LANGUAGE CODE
Language code of text/sound track or separate title eng
082 ## - DEWEY DECIMAL CLASSIFICATION NUMBER
Classification number 299.93 OSH
100 ## - MAIN ENTRY--PERSONAL NAME
Personal name Osho
245 ## - TITLE STATEMENT
Title Creativity: Unleashing The Forces Within
260 ## - PUBLICATION, DISTRIBUTION, ETC.
Place of publication, distribution, etc. New York
Name of publisher, distributor, etc. St. Martin's Press
Date of publication, distribution, etc. 1999
300 ## - PHYSICAL DESCRIPTION
Extent 194 P
520 ## - SUMMARY, ETC.
Summary, etc. Faculty Purchase By Dr. Senthil Kumar
Holdings
Withdrawn status Lost status Damaged status Not for loan Home library Current library Shelving location Date acquired Source of acquisition Cost, normal purchase price Total Checkouts Full call number Barcode Date last seen Date last checked out Price effective from Koha item type
        IMTN IMTN Rack 4-A 10/05/2022 Amazon 291.00 1 299.93 OSH 32837 02/04/2025 01/20/2025 04/21/2022 Books
Designed & Maintained by: LRC IMT Nagpur Contact: lrc@imtnag.ac.in© 2024. All Rights Reserved.